Consumer behaviour (Record no. 16515)

MARC details
000 -LEADER
fixed length control field 00973nam a22002057a 4500
008 - FIXED-LENGTH DATA ELEMENTS--GENERAL INFORMATION
fixed length control field 170926b xxu||||| |||| 00| 0 eng d
020 ## - INTERNATIONAL STANDARD BOOK NUMBER
International Standard Book Number 0273736950
040 ## - CATALOGING SOURCE
Original cataloging agency KABU
Transcribing agency KABU
050 ## - LIBRARY OF CONGRESS CALL NUMBER
Classification number KTC HF5415.33
Item number .E85S35 2012
100 ## - MAIN ENTRY--PERSONAL NAME
Personal name Schiffman, Leon G.
245 ## - TITLE STATEMENT
Title Consumer behaviour
Remainder of title a European outlook
Statement of responsibility, etc. by Leon G. Schiffman, Leslie Lazar Kanuk and Havard Hansen
250 ## - EDITION STATEMENT
Edition statement 2nd ed.
260 ## - PUBLICATION, DISTRIBUTION, ETC. (IMPRINT)
Place of publication, distribution, etc. New York
Name of publisher, distributor, etc. Pearson
Date of publication, distribution, etc. 2012
300 ## - PHYSICAL DESCRIPTION
Extent xix, 460 p.
650 ## - SUBJECT ADDED ENTRY--TOPICAL TERM
Topical term or geographic name as entry element Consumer behaviour
Geographic subdivision Europe
650 ## - SUBJECT ADDED ENTRY--TOPICAL TERM
Source of heading or term
Topical term or geographic name as entry element Motivation research (marketing)
Geographic subdivision Europe
700 ## - ADDED ENTRY--PERSONAL NAME
Personal name Kanuk, Leslie Lazar
700 ## - ADDED ENTRY--PERSONAL NAME
Personal name Hansen, Havard
942 ## - ADDED ENTRY ELEMENTS (KOHA)
Source of classification or shelving scheme Library of Congress Classification
Koha item type General Collection
Edition 2nd ed.
Classification part KTC HF5415.33 .E85S35 2012
Holdings
Withdrawn status Lost status Source of classification or shelving scheme Not for loan Home library Current library Shelving location Date acquired Cost, normal purchase price Inventory number Total Checkouts Full call number Barcode Date last seen Date last checked out Copy number Price effective from Koha item type
    Library of Congress Classification   Kabarak, Main Campus Kabarak, Main Campus General Stacks 26/09/2017 4801.72 2017/0257   HF5415.33 .E85S35 2012 C.1 027593 26/09/2017   C.1 26/09/2017 General Collection
    Library of Congress Classification   Kabarak, Nakuru City Campus Kabarak, Nakuru City Campus General Stacks 26/09/2017 4801.72 2017/0097 1 KTC HF5415.33 .E85S35 2012 C.1 027557 23/03/2018 23/03/2018 C.1 26/09/2017 General Collection
Designed with assistance from East African Informatics Ltd